| 000 | 00858cac a22002051u 4500 | ||
|---|---|---|---|
| 008 | 090113s2005 nj ill |r|||| 001 0 eng d | ||
| 020 | _a0131273086 (pbk.) | ||
| 082 |
_a658.1511 _bHOR _222 |
||
| 245 |
_aIntroduction to management accounting : _b[chapters 1-14] / _cCharles T. Horngren, Gary L. Sundem, William O. Stratton. |
||
| 250 | _a13th International ed. | ||
| 260 |
_aUpper Saddle River, N.J.: _bPearson Education International, _cc2005. |
||
| 300 |
_axix, 674, [22] p. : _bcol. ill., col. ports. ; _c28 cm. |
||
| 440 |
_aCharles T. Horngren series in accounting _933521 |
||
| 500 | _aT.p. gives 14th ed., elsewhere on book 13th ed. | ||
| 504 | _aIncludes bibliographical references and index. | ||
| 650 |
_aManagerial accounting. _933522 |
||
| 700 |
_aSundem, Gary L. _933523 |
||
| 700 |
_aStratton, William O. _933524 |
||
| 942 |
_cBB _k658.1511HOR _2ddc |
||
| 999 |
_c1063 _d1063 |
||